000 01011nam a2200301 a 4500
001 000037750
003 DO-SdBPM
005 20250618121603.0
007 ta
008 130305s2005 dr 000 0 spa d
020 _a9789945473957
040 _aDO-SdBPM
_bspa
_cBPMSU
_drda
082 4 _aRD864.44
_bB443s 2005
_222
100 1 _aBelliard, Basilio,
_d1966-
245 1 0 _aSoberanía de la pasión :
_bensayos literarios /
_cBasilio Belliard.
264 _aSanto Domingo :
_bSantuario,
_c2005.
300 _a594 páginas . ;
_c24 cm.
336 _atexto
_btxt
_2rdacontent
337 _asin mediación
_bn
_2rdamedia
338 _avolumen
_bnc
_2rdacarrier
500 _aIncluye datos biográficos del autor en la solapa de la cubierta.
590 _aInventariado, 2025 /VM
650 7 _aEnsayos dominicanos
650 7 _a Literatura dominicana
_xHistoria y crítica
650 7 _a Literatura hispanoamericana
_xHistoria y crítica
910 _aVMateo V. Control de calidad. BPMSU
942 _2ddc
_cBK
999 _c15184
_d15184